1467 1377 1255 1808 1154 1349 1780 1018 1586 1044 1543 1416 1764 1175 1777 1954 1409 1938 1063 1235 1785 1864 1544 1156 1477 1916 1225 1998 1166 1999 1749 1185 1282 1823 1870 1564 1643 1218 1310 1316 1575 1806 1563 1788 1976 1672 1739 1883 1982 1367 1764 1504 1358 1592 1096 1455 1139 1470 1064 1432 1045 1766 1962 1805 1354 1794 1102 1523 1020 1128 1022 1788 1845 1866 1516 1950 1402 1345 1364 1306 1321 1835 1398 1884 1472 1535 1596 1658 1580 1351 1821 1658 1016 1587 1153 1097 1994 1899 1289 BCNSPRNW ULIB Ver.6.0+V

เปลี่ยนเป็นภาษาไทย

Change to English
 แสดงรายละเอียดบรรณานุกรม
  กลับหน้าหลัก

Brief Record : Get Marc (ISO 2709) : E-mail record : QR code < ปิดหน้าต่าง
LEADER : 00000nam a2200000Ia 4500
001    13399126023
003     ULIB
008    170112s2556 th a b 000 0 tha d
020    ^a9786169136729
040    ^absi
060 04 ^aWB537^bร399
245 00 ^aร่างกายมนุษย์ =^bHuman body /^cกองบรรณาธิการ, ประพจน์ เภตรากาศ... [และคนอื่นๆ]
246 31 ^aHuman body
250    ^aพิมพ์ครั้งที่ 1
260    ^aกรุงเทพฯ :^bมูลนิธิสาธารณสุขกับการพัฒนา,^c2556
300    ^a(12), 139 หน้า :^bภาพประกอบ ;^c26 ซม.
500    ^aร่างกายมนุษย์ เป็นตำราพื้นฐานในการฝึกอบรมหลักสูตรวิชาชีพการนวดไทยตามกฎหมายว่าด้วยวิชาชีพการแพทยืแผนไทย
650  4 ^aกายวิภาคศาสตร์มนุษย์
650  4 ^aการนวด
700 0  ^aประพจน์ เภตรากาศ,^eบรรณาธิการ
710 2  ^aมูลนิธิสาธารณสุขกับการพัฒนา
710 2  ^aมูลนิธิพัฒนาการแพทย์แผนไทย
710 2  ^aมูลนิธิเพื่อเด็กพิการ
945    ^p200^l0^i25723
945    ^p200^l0^i25724
945    ^p200^l0^i25725
945    ^p200^l0^i25726
945    ^p200^l0^i25727
945    ^p200^l0^i25728
945    ^p200^l0^i25729
945    ^p200^l0^i25730
945    ^p200^l0^i25731
945    ^p200^l0^i25732
945    ^p200^l0^i25733
945    ^p200^l0^i25734
945    ^p200^l0^i25735
945    ^p200^l0^i25736
945    ^p200^l0^i25737
995    ^aกัณชพร
999    ^aกัณชพร
รายการนี้ยังไม่มีแท็ก
คุณยังไม่ได้ล็อกอิน คุณสามารถมีกิจกรรมร่วมกับเว็บไซต์ได้ แต่ต้องล็อกอินก่อน ::
  ล็อกอิน

รายการสื่อสารสนเทศ

ลำดับที่ ประเภท เลขเรียก/บาร์โค้ด สถานที่ สถานะ
1. หนังสือสำรอง
หนังสือสำรอง
สถานะ=หนังสือเก่า
WB537 ร399 ฉ.1 
  Barcode: 25723
ห้องสมุดวิทยาเขตนครสวรรค์
►ส่วนจัดเก็บหนังสือเก่า นว.
บนชั้น
  ขอยืม
2. วิทยาศาสตร์การแพทย์ และสุขภาพ
วิทยาศาสตร์การแพทย์ และสุขภาพ
สถานะ=หนังสือเก่า
WB537 ร399 ฉ.10 
  Barcode: 25732
ห้องสมุดวิทยาเขตนครสวรรค์
►ส่วนจัดเก็บหนังสือเก่า นว.
บนชั้น
  ขอยืม
3. วิทยาศาสตร์การแพทย์ และสุขภาพ
วิทยาศาสตร์การแพทย์ และสุขภาพ
สถานะ=หนังสือเก่า
WB537 ร399 ฉ.11 
  Barcode: 25733
ห้องสมุดวิทยาเขตนครสวรรค์
►ส่วนจัดเก็บหนังสือเก่า นว.
บนชั้น
  ขอยืม
4. วิทยาศาสตร์การแพทย์ และสุขภาพ
วิทยาศาสตร์การแพทย์ และสุขภาพ
สถานะ=หนังสือเก่า
WB537 ร399 ฉ.12 
  Barcode: 25734
ห้องสมุดวิทยาเขตนครสวรรค์
►ส่วนจัดเก็บหนังสือเก่า นว.
บนชั้น
  ขอยืม
5. วิทยาศาสตร์การแพทย์ และสุขภาพ
วิทยาศาสตร์การแพทย์ และสุขภาพ
สถานะ=หนังสือเก่า
WB537 ร399 ฉ.13 
  Barcode: 25735
ห้องสมุดวิทยาเขตนครสวรรค์
►หนังสือทั่วไป:l:General Books
บนชั้น
6. วิทยาศาสตร์การแพทย์ และสุขภาพ
วิทยาศาสตร์การแพทย์ และสุขภาพ
สถานะ=หนังสือเก่า
WB537 ร399 ฉ.14 
  Barcode: 25736
ห้องสมุดวิทยาเขตนครสวรรค์
►ส่วนจัดเก็บหนังสือเก่า นว.
บนชั้น
  ขอยืม
7. วิทยาศาสตร์การแพทย์ และสุขภาพ
วิทยาศาสตร์การแพทย์ และสุขภาพ
สถานะ=หนังสือเก่า
WB537 ร399 ฉ.15 
  Barcode: 25737
ห้องสมุดวิทยาเขตนครสวรรค์
►ส่วนจัดเก็บหนังสือเก่า นว.
บนชั้น
  ขอยืม
8. วิทยาศาสตร์การแพทย์ และสุขภาพ
วิทยาศาสตร์การแพทย์ และสุขภาพ
สถานะ=หนังสือเก่า
WB537 ร399 ฉ.2 
  Barcode: 25724
ห้องสมุดวิทยาเขตนครสวรรค์
►หนังสือทั่วไป:l:General Books
บนชั้น
9. วิทยาศาสตร์การแพทย์ และสุขภาพ
วิทยาศาสตร์การแพทย์ และสุขภาพ
สถานะ=หนังสือเก่า
WB537 ร399 ฉ.3 
  Barcode: 25725
ห้องสมุดวิทยาเขตนครสวรรค์
►หนังสือทั่วไป:l:General Books
บนชั้น
10. วิทยาศาสตร์การแพทย์ และสุขภาพ
วิทยาศาสตร์การแพทย์ และสุขภาพ
สถานะ=หนังสือเก่า
WB537 ร399 ฉ.4 
  Barcode: 25726
ห้องสมุดวิทยาเขตนครสวรรค์
►ส่วนจัดเก็บหนังสือเก่า นว.
บนชั้น
  ขอยืม
11. วิทยาศาสตร์การแพทย์ และสุขภาพ
วิทยาศาสตร์การแพทย์ และสุขภาพ
สถานะ=หนังสือเก่า
WB537 ร399 ฉ.5 
  Barcode: 25727
ห้องสมุดวิทยาเขตนครสวรรค์
►ส่วนจัดเก็บหนังสือเก่า นว.
บนชั้น
  ขอยืม
12. วิทยาศาสตร์การแพทย์ และสุขภาพ
วิทยาศาสตร์การแพทย์ และสุขภาพ
สถานะ=หนังสือเก่า
WB537 ร399 ฉ.6 
  Barcode: 25728
ห้องสมุดวิทยาเขตนครสวรรค์
►หนังสือทั่วไป:l:General Books
บนชั้น
13. วิทยาศาสตร์การแพทย์ และสุขภาพ
วิทยาศาสตร์การแพทย์ และสุขภาพ
สถานะ=หนังสือเก่า
WB537 ร399 ฉ.7 
  Barcode: 25729
ห้องสมุดวิทยาเขตนครสวรรค์
►หนังสือทั่วไป:l:General Books
บนชั้น
14. วิทยาศาสตร์การแพทย์ และสุขภาพ
วิทยาศาสตร์การแพทย์ และสุขภาพ
สถานะ=หนังสือเก่า
WB537 ร399 ฉ.8 
  Barcode: 25730
ห้องสมุดวิทยาเขตนครสวรรค์
►ส่วนจัดเก็บหนังสือเก่า นว.
บนชั้น
  ขอยืม
15. วิทยาศาสตร์การแพทย์ และสุขภาพ
วิทยาศาสตร์การแพทย์ และสุขภาพ
สถานะ=หนังสือเก่า
WB537 ร399 ฉ.9 
  Barcode: 25731
ห้องสมุดวิทยาเขตนครสวรรค์
►ส่วนจัดเก็บหนังสือเก่า นว.
บนชั้น
  ขอยืม

รายการใกล้เคียง
    หัวเรื่อง [กายวิภาคศาสตร์มนุษย์]
    หัวเรื่อง [การนวด]

BibComment


ยังไม่เคยถูกคอมเมนท์

คอมเมนท์ทรัพยากรรายการนี้
  คอมเมนท์: ร่างกายมนุษย์ H..


 Copyright 2026. Bcnsprnw @Library